Loading...
| Science - Other | 4 | 4 | 1 | 1 | 95 | 41 | 84.88 | 2 | 5 | 0.00 | 0.00 |
| Science - Physics | 0 | 6 | 0 | 2 | 60 | 79 | 104.83 | 0 | 0 | 0.00 | 0.00 |
| Science - Biology | 0 | 4 | 1 | 2 | 35 | 101 | 121.50 | 0 | 1 | 0.00 | 0.00 |
| Science - Chemistry | 0 | 4 | 2 | 2 | 30 | 84 | 112.25 | 0 | 0 | 0.00 | 0.00 |
| Other Academic | 1 | 1 | 0 | 0 | 25 | 41 | 66.50 | 1 | 1 | 0.00 | 0.00 |
| Beliefs | 0 | 1 | 0 | 0 | 10 | 132 | 132.00 | 0 | 0 | 0.00 | 0.00 |
| History - Ancient | 0 | 1 | 0 | 0 | 10 | 113 | 113.00 | 0 | 0 | 0.00 | 0.00 |
| History - World | 0 | 1 | 0 | 0 | 10 | 115 | 115.00 | 0 | 0 | 0.00 | 0.00 |
| Literature - British | 0 | 1 | 0 | 0 | 10 | 134 | 134.00 | 0 | 0 | 0.00 | 0.00 |
| History - Other | 0 | 1 | 1 | 0 | 5 | 140 | 140.00 | 0 | 0 | 0.00 | 0.00 |
| Social Science | 0 | 1 | 1 | 0 | 5 | 97 | 97.00 | 0 | 1 | 0.00 | 0.00 |
| History - American | 0 | 1 | 2 | 0 | 0 | 76 | 76.00 | 0 | 1 | 0.00 | 0.00 |
| Fine Arts - Classical Music and Opera | 0 | 0 | 1 | 0 | -5 | 0.00 | 0 | 0 | 0.00 | 0.00 |